Advanced engineering mathematics (Record no. 71350)
[ view plain ]
| 000 -LEADER | |
|---|---|
| fixed length control field | 00682nam a22002057a 4500 |
| 003 - CONTROL NUMBER IDENTIFIER | |
| control field | NUST - PNEC |
| 005 - DATE AND TIME OF LATEST TRANSACTION | |
| control field | 20170116181159.0 |
| 008 - FIXED-LENGTH DATA ELEMENTS--GENERAL INFORMATION | |
| fixed length control field | 160201b xxu||||| |||| 00| 0 eng d |
| 020 ## - INTERNATIONAL STANDARD BOOK NUMBER | |
| International Standard Book Number | 9788121903455 |
| 040 ## - CATALOGING SOURCE | |
| Transcribing agency | LIBRARY |
| 082 ## - DEWEY DECIMAL CLASSIFICATION NUMBER | |
| Classification number | 620.0051 DAS |
| 100 ## - MAIN ENTRY--PERSONAL NAME | |
| 9 (RLIN) | 16188 |
| Personal name | Dass, H. K. |
| 245 ## - TITLE STATEMENT | |
| Title | Advanced engineering mathematics |
| Statement of responsibility, etc. | H. K Dass |
| 250 ## - EDITION STATEMENT | |
| Edition statement | 1st ed. |
| 260 ## - PUBLICATION, DISTRIBUTION, ETC. | |
| Place of publication, distribution, etc. | New Delhi : |
| Name of publisher, distributor, etc. | S. Chand & Company ; |
| Date of publication, distribution, etc. | c.1988. |
| 300 ## - PHYSICAL DESCRIPTION | |
| Extent | 1358 p. |
| 650 ## - SUBJECT ADDED ENTRY--TOPICAL TERM | |
| 9 (RLIN) | 16189 |
| Topical term or geographic name entry element | Mathematics |
| General subdivision | ME, EE |
| 856 ## - ELECTRONIC LOCATION AND ACCESS | |
| Materials specified | paperback |
| Uniform Resource Identifier | <a href="http://www.amazon.com/Advanced-Engineering-Mathematics-H-K-Dass/dp/8121903459/ref=sr_1_1?ie=UTF8&qid=1454311845&sr=8-1&keywords=9788121903455">http://www.amazon.com/Advanced-Engineering-Mathematics-H-K-Dass/dp/8121903459/ref=sr_1_1?ie=UTF8&qid=1454311845&sr=8-1&keywords=9788121903455</a> |
| 942 ## - ADDED ENTRY ELEMENTS (KOHA) | |
| Source of classification or shelving scheme | |
| Koha item type | Book |
| Withdrawn status | Lost status | Source of classification or shelving scheme | Materials specified (bound volume or other part) | Damaged status | Not for loan | Permanent Location | Current Location | Shelving location | Date acquired | Source of acquisition | Cost, normal purchase price | Total Checkouts | Full call number | Barcode | Date last seen | Cost, replacement price | Price effective from | Koha item type |
|---|---|---|---|---|---|---|---|---|---|---|---|---|---|---|---|---|---|---|
| paperback | Pakistan Navy Engineering College (PNEC) | Pakistan Navy Engineering College (PNEC) | 12/04/2015 | Citizen Book Shop / Library Grant | 1400.00 | 620.0051 DAS | PNECLIB-032435 | 02/01/2016 | 1400.00 | 12/04/2015 | Book |
